| Поле | Инд. | ПП | Название | Значение |
|---|---|---|---|---|
| Тип записи | a | |||
| Библиографический уровень | b | |||
| 001 | Контрольный номер | UNIDUBNAcdcc2285dac34e89906a8afa343d4b74 | ||
| 005 | Дата корректировки | 20250828234918.4 | ||
| 008 | Кодируемые данные | 20170331 | ||
| 040 | b | Код языка каталог. | rus | |
| e | Правила каталог. | PSBO | ||
| 041 | 0_ | a | Код языка текста | rus |
| 084 | a | Индекс другой классификации/Индекс ББК | 60.992; 60.993 | |
| 100 | 1_ | a | Автор | Павлишина С. В. |
| q | Полное имя | Павлишина Светлана Витальевна | ||
| 245 | 10 | a | Заглавие | Современные технологии работы с гражданами пожилого возраста и инвалидами в центре социальногообслуживания |
| 520 | 0_ | a | Аннотация | Статья посвящена новаторским подходам в сфере социального обслуживания, реабилитации и интеграции пожилых граждан. Внимание уделяется внедрению стационарозамещающих технологий, созданию безбарьерной среды для людей с ОВЗ и подготовке персонала. |
| 650 | 14 | a | Основная рубрика | социальная работа |
| 653 | 0_ | a | Ключевые слова | адаптивная физическая культура |
| a | Ключевые слова | безбарьерная среда | ||
| a | Ключевые слова | безопасность | ||
| a | Ключевые слова | благополучие | ||
| a | Ключевые слова | инвалиды | ||
| a | Ключевые слова | инновационные технологии | ||
| a | Ключевые слова | качество жизни | ||
| a | Ключевые слова | квалификация специалистов | ||
| a | Ключевые слова | корпоративное обучение | ||
| a | Ключевые слова | коррекционно-реабилитационные технологии | ||
| a | Ключевые слова | наставничество | ||
| a | Ключевые слова | ограниченные возможности здоровья | ||
| a | Ключевые слова | оздоровление | ||
| a | Ключевые слова | патронаж | ||
| a | Ключевые слова | пенсионеры | ||
| a | Ключевые слова | повышение квалификации | ||
| a | Ключевые слова | подготовка персонала | ||
| a | Ключевые слова | подготовка специалистов | ||
| a | Ключевые слова | пожилые люди | ||
| a | Ключевые слова | профессиональная квалификация | ||
| a | Ключевые слова | психосоциальная работа | ||
| a | Ключевые слова | Россия | ||
| a | Ключевые слова | социальная поддержка | ||
| a | Ключевые слова | социальная политика | ||
| a | Ключевые слова | социальное обслуживание | ||
| a | Ключевые слова | социально-психологические технологии | ||
| a | Ключевые слова | социальные проекты | ||
| a | Ключевые слова | стационарозамещающие технологии | ||
| a | Ключевые слова | технические средства реабилитации | ||
| a | Ключевые слова | уход за больными | ||
| a | Ключевые слова | физическая активность | ||
| a | Ключевые слова | центры социального обслуживания | ||
| 773 | 08 | t | Заглавие источника | Отечественный журнал социальной работы |
| d | Дата издания источника | 2023 | ||
| g | Прочая информация | № 4. - С. 140 - 146 | ||
| w | Контрольный № источника | UNIDUBNA8519d4f2c1714d859c3e1f0162350cf7 | ||
| 901 | t | Тип документа | b |